Statistiken für Top 15 der betroffenen Covid-19-Länder - 2. März 2021

Klicken Sie hier um das Quiz zu spielen!

Allgemein

  • Dieses Quiz wurde 17 mal gespielt
  • Das Durchschnittsergebnis liegt bei 19 aus 27

Antwortstatistiken

Land% Korrekt
Deutschland
100%
Vereinigte Staaten
100%
Brasilien
94%
Spanien
94%
Argentinien
88%
Belgien
88%
Indien
88%
Italien
88%
Russland
88%
Tschechien
88%
Vereinigtes Königreich
88%
Frankreich
82%
Mexiko
82%
Niederlande
82%
Polen
76%
Schweden
76%
Kolumbien
71%
Portugal
71%
Türkei
71%
Schweiz
53%
Slowenien
53%
Iran
47%
Israel
29%
Panama
29%
Bahrain
24%
Georgien
18%
Litauen
12%

Verteilung der Resultate

Perzentil nach korrekt beantworteten Fragen

Anzahl Personen mit jedem Resultat

Ihre Resultats-Entwicklung

Sie haben dieses Quiz noch nicht gespielt